| 000 | 00000nam##2200000za#4500 |
| 001 | 9.688456 |
| 003 | CaOODSP |
| 005 | 20210624231431 |
| 007 | cr ||||||||||| |
| 008 | 150407|2001||||xxc|||||o f|0| 0 eng|d |
| 040 | |aCaOODSP|beng |
| 043 | |an-cn--- |
| 086 | 1 |aSW21-60/2000E-PDF |
| 110 | 1 |aCanada. |bStatus of Women Canada. |
| 245 | 10|aDisability-related support arrangements, policy options and implications for women's equality / |h[electronic resource]|cthe Roeher Institute. |
| 260 | |aOttawa - Ontario : |bStatus of Women Canada |c2001. |
| 300 | |a135p.|btables |
| 500 | |a"This report puts a particular conceptualization of equality, based on analysis of the lived experiences of women with a disability and the caregivers interviewed in the study, as well as current feminist and disability theory."--Introduction. |
| 500 | |aThe catalogue number and ISBN for the 2000 print edition have been printed in this electronic edition. |
| 504 | |aBibliography. |
| 590 | |a06-10-Supp|b2006-12-15 |
| 690 | 07|aPersons with disabilities|2gcpds |
| 690 | 07|aSocial conditions|2gcpds |
| 690 | 07|aCaregivers|2gcpds |
| 690 | 07|aSocial services|2gcpds |
| 710 | 2 |athe Roeher Institute. |
| 775 | 08|tService d'appoint pour les personnes handicapées : |w(CaOODSP)9.632880 |
| 776 | 0#|tDisability-related support arrangements, policy options and implications for women's equality / |w(CaOODSP)9.662205 |
| 776 | 0#|tService d'appoint pour les personnes handicapées : options stratégiques et incidences sur l'égalité des femmes / |w(CaOODSP)9.662206 |
| 856 | 40|ahttp://publications.gc.ca|qPDF|s698 KB|uhttps://publications.gc.ca/collections/Collection/SW21-60-2000E.pdf |